[Event "Toronto NAYCC U10"]
[Site "Toronto"]
[Date "2013.08.15"]
[Round "2"]
[White "Bate, William"]
[Black "Zeng, Leo"]
[Result "0-1"]
[WhiteElo "748"]
[BlackElo "1002"]
[PlyCount "136"]
[EventDate "2013.08.14"]
[EventType "swiss"]
[EventRounds "9"]
[EventCountry "CAN"]
[SourceTitle "EXT 2022"]
[Source "ChessBase"]
[SourceDate "2021.10.06"]
[SourceVersion "1"]
[SourceVersionDate "2021.10.06"]
[SourceQuality "1"]

1. e4 e5 2. Nf3 Nc6 3. Nc3 Nf6 4. d3 b6 5. Bg5 Bb4 6. Bxf6 Qxf6 7. a3 Bxc3+ 8. bxc3 Ba6 9. Be2 0-0 10. 0-0 d6 11. d4 Bxe2 12. Qxe2 a5 13. dxe5 dxe5 14. Qe3 Rad8 15. Qg5 Qxg5 16. Nxg5 Rd2 17. Rac1 b5 18. Nf3 Re2 19. Rfe1 Rxe1+ 20. Rxe1 f6 21. Rf1 b4 22. cxb4 axb4 23. axb4 Nxb4 24. c3 Na2 25. c4 c5 26. Ra1 Nc3 27. h3 Ne2+ 28. Kh2 Rb8 29. Re1 Nf4 30. g3 Nd3 31. Re2 Rb1 32. Nd2 Rd1 33. Nf3 Rf1 34. Kg2 Rc1 35. Nd2 Nb2 36. f4 Nxc4 37. fxe5 Rc2 38. e6 Nxd2 39. e7 Kf7 40. e5 fxe5 41. Rxe5 Nc4+ 42. Kh1 Nxe5 43. e8Q+ Kxe8 44. Kg1 Nf3+ 45. Kf1 Nd4 46. Ke1 c4 47. Kd1 c3 48. Ke1 Rh2 49. Kd1 c2+ 50. Kc1 Ne2+ 51. Kxc2 Rxh3 52. Kd2 Nxg3 53. Ke3 Rh4 54. Kf3 Nf5 55. Kg2 Rd4 56. Kh3 Kf7 57. Kg2 Rd3 58. Kh2 Kg6 59. Kg2 Kg5 60. Kh2 Kg4 61. Kg2 Rd2+ 62. Kf1 Kf3 63. Ke1 Rh2 64. Kd1 Ke3 65. Kc1 Kd3 66. Kb1 Kc3 67. Ka1 Kb3 68. Kb1 Rh1# 0-1

[Event "Toronto NAYCC U10"]
[Site "Toronto"]
[Date "2013.08.14"]
[Round "1"]
[White "Zhang, Henry"]
[Black "Bate, William"]
[Result "1-0"]
[WhiteElo "1414"]
[BlackElo "748"]
[PlyCount "85"]
[EventDate "2013.08.14"]
[EventType "swiss"]
[EventRounds "9"]
[EventCountry "CAN"]
[SourceTitle "EXT 2022"]
[Source "ChessBase"]
[SourceDate "2021.10.06"]
[SourceVersion "1"]
[SourceVersionDate "2021.10.06"]
[SourceQuality "1"]

1. e4 e5 2. Nf3 Nf6 3. Nc3 Nc6 4. Bc4 Qe7 5. d3 Na5 6. Bb3 Nxb3 7. axb3 d6 8. Be3 Bg4 9. h3 Bxf3 10. Qxf3 Qe6 11. Nb5 Qd7 12. c4 a6 13. Nc3 Be7 14. 0-0 0-0 15. Qe2 b5 16. f4 exf4 17. Bxf4 bxc4 18. bxc4 Nh5 19. Qxh5 g6 20. Qh6 Bf6 21. Be3 Bg7 22. Qf4 Bxc3 23. bxc3 Qe6 24. c5 dxc5 25. Bxc5 Rfc8 26. Bd4 Rf8 27. Ra5 f6 28. Rc5 c6 29. Bxf6 a5 30. e5 a4 31. Qh6 Rf7 32. Qe3 a3 33. Qf3 a2 34. Ra1 Qb3 35. Qf1 Qc2 36. Rc4 Rb7 37. Rb4 Rba7 38. e6 c5 39. Rb5 h6 40. e7 Ra3 41. d4 cxd4 42. Qc4+ Kh7 43. Qf7# 1-0